<?xml version="1.0" encoding="UTF-8"?>
<record
    xmlns:xsi="http://www.w3.org/2001/XMLSchema-instance"
    xsi:schemaLocation="http://www.loc.gov/MARC21/slim http://www.loc.gov/standards/marcxml/schema/MARC21slim.xsd"
    xmlns="http://www.loc.gov/MARC21/slim">

  <leader>01821    a2200253   4500</leader>
  <controlfield tag="001">45149</controlfield>
  <controlfield tag="005">20260407155726.0</controlfield>
  <controlfield tag="008">260407a2017    arg                 spa d</controlfield>
  <controlfield tag="003">AR-UNSa-BCEJYS</controlfield>
  <datafield tag="040" ind1=" " ind2=" ">
    <subfield code="a">AR-UNSa-BCEJYS</subfield>
    <subfield code="b">spa</subfield>
    <subfield code="c">AR-UNSa-BCEJYS</subfield>
  </datafield>
  <datafield tag="080" ind1=" " ind2=" ">
    <subfield code="a">338.45</subfield>
    <subfield code="x">Industria como sector econ&#xF3;mico. Producci&#xF3;n comercial, industrial </subfield>
  </datafield>
  <datafield tag="245" ind1="1" ind2="0">
    <subfield code="a">Manufactura y cambio estructural</subfield>
    <subfield code="p">aportes para pensar la pol&#xED;tica industrial en la Argentina</subfield>
  </datafield>
  <datafield tag="020" ind1=" " ind2=" ">
    <subfield code="a">978-92-1-121967-8</subfield>
  </datafield>
  <datafield tag="264" ind1=" " ind2="1">
    <subfield code="a">Santiago de Chile :</subfield>
    <subfield code="b">CEPAL (Comisi&#xF3;n Econ&#xF3;mica para Am&#xE9;rica Latina y el Caribe)</subfield>
    <subfield code="c">2017</subfield>
  </datafield>
  <datafield tag="300" ind1=" " ind2=" ">
    <subfield code="a">330 p.</subfield>
    <subfield code="c">22 cm.</subfield>
  </datafield>
  <datafield tag="505" ind1=" " ind2=" ">
    <subfield code="a">1. &#xBF;De qu&#xE9; hablamos cuando hablamos de cambio estructural? / Florencia Barletta y Gabriel Yoguel &#x2013; 2. &#xBF;De qu&#xE9; hablamos cuando hablamos de pol&#xED;tica industrial? / Pablo Lavarello &#x2013; 3. La industria manufacturera argentina y su encrucijada / Mart&#xED;n Abeles y Anah&#xED; amar &#x2013; 4. La pol&#xED;tica industrial en la Argentina durante la d&#xE9;cada de 2000 / Pablo Lavarello, Marianella Sarabia &#x2013; 5.  El complejo productivo de bienes de capital: entre el car&#xE1;cter estrat&#xE9;gico, la expansi&#xF3;n y los l&#xED;mites estructurales / Fernando Peirano, Carolina Carregal, M. Alejandro Peirano &#x2013; 6. El sector biofarmac&#xE9;utico: desaf&#xED;os de pol&#xED;tica para una industria basada en la ciencia / Graciela E. Gutman y Pablo Lavarello &#x2013; 7. La industria del software: la generaci&#xF3;n de capacidades tecnol&#xF3;gicas y el desaf&#xED;o de elevar la productividad sist&#xE9;mica / Jorge Motta, Hern&#xE1;n Moreno y Carina Borrastero - 

</subfield>
  </datafield>
  <datafield tag="041" ind1=" " ind2=" ">
    <subfield code="a">spa</subfield>
  </datafield>
  <datafield tag="942" ind1=" " ind2=" ">
    <subfield code="c">BK</subfield>
  </datafield>
  <datafield tag="590" ind1=" " ind2=" ">
    <subfield code="a">niveau_biblio:m niveau_hierar:0</subfield>
  </datafield>
  <datafield tag="100" ind1="1" ind2=" ">
    <subfield code="a">Abeles, Mart&#xED;n</subfield>
  </datafield>
  <datafield tag="700" ind1="1" ind2=" ">
    <subfield code="a">Cimoli, Mario</subfield>
  </datafield>
  <datafield tag="700" ind1="1" ind2=" ">
    <subfield code="a">Lavarello, Pablo Jos&#xE9;</subfield>
  </datafield>
  <datafield tag="856" ind1="4" ind2="1">
    <subfield code="u">https://www.biblioeco.unsa.edu.ar/pmb/images/libros/L127079.jpg</subfield>
    <subfield code="y">Imagen de portada</subfield>
    <subfield code="q">image/jpeg</subfield>
  </datafield>
  <datafield tag="999" ind1=" " ind2=" ">
    <subfield code="c">3913</subfield>
    <subfield code="d">3913</subfield>
  </datafield>
  <datafield tag="952" ind1=" " ind2=" ">
    <subfield code="0">0</subfield>
    <subfield code="1">0</subfield>
    <subfield code="4">0</subfield>
    <subfield code="7">0</subfield>
    <subfield code="a">BCEJYS</subfield>
    <subfield code="b">BCEJYS</subfield>
    <subfield code="c">16</subfield>
    <subfield code="d">2026-04-07</subfield>
    <subfield code="l">0</subfield>
    <subfield code="o">338.45 A139</subfield>
    <subfield code="p">L127079</subfield>
    <subfield code="r">2026-04-07 15:57:26</subfield>
    <subfield code="w">2026-04-07</subfield>
    <subfield code="y">L</subfield>
  </datafield>
</record>
